The science of evil (Record no. 4611)

MARC details
000 -CABECERA
campo de control de longitud fija 01958cam a2200277 a 4500
001 - NÚMERO DE CONTROL
campo de control 991105950678606196
005 - FECHA Y HORA DE LA ÚLTIMA TRANSACCIÓN
campo de control 20250331092258.0
008 - DATOS DE LONGITUD FIJA--INFORMACIÓN GENERAL
campo de control de longitud fija 101015t20122011nyua b 001 0 eng
020 ## - NÚMERO INTERNACIONAL ESTÁNDAR DEL LIBRO
Número Internacional Estándar del Libro 9781541601482
035 ## - NÚMERO DE CONTROL DEL SISTEMA
Número de control de sistema (UTL)10200501-01utoronto_inst
035 ## - NÚMERO DE CONTROL DEL SISTEMA
Número de control de sistema (SIRSI)10200501
040 ## - FUENTE DE LA CATALOGACIÓN
Centro catalogador/agencia de origen DLC
Centro/agencia transcriptor DLC
Centro/agencia modificador DLC
042 ## - CÓDIGO DE AUTENTICACIÓN
Código de autenticación pcc
050 00 - SIGNATURA TOPOGRÁFICA DE LA BIBLIOTECA DEL CONGRESO
Número de clasificación BF575.E55
Número de documento/Ítem B37 2012
100 ## - ENTRADA PRINCIPAL--NOMBRE DE PERSONA
Nombre de persona Baron-Cohen, Simon.
9 (RLIN) 25087
245 14 - MENCIÓN DE TÍTULO
Título The science of evil
Resto del título : on empathy and the origins of cruelty
Mención de responsabilidad, etc. / Simon Baron-Cohen.
260 ## - PUBLICACIÓN, DISTRIBUCIÓN, ETC.
Lugar de publicación, distribución, etc. New York :
Nombre del editor, distribuidor, etc. Basic Books,
Fecha de publicación, distribución, etc. 2012, c2011.
300 ## - DESCRIPCIÓN FÍSICA
Extensión x, 256 p. :
Otras características físicas ill. ;
Dimensiones 21 cm.
500 ## - NOTA GENERAL
Nota general "Hardcover first published in 2011 by Basic Books, a member of the Perseus Books Group"--Title page verso.
504 ## - NOTA DE BIBLIOGRAFÍA, ETC.
Nota de bibliografía, etc. Includes bibliographical references and index.
505 0# - NOTA DE CONTENIDO CON FORMATO
Nota de contenido con formato Explaining "evil" and human cruelty — The empathy mechanism: the bell curve — When zero degrees of empathy is negative — When zero degrees of empathy is positive — The empathy gene — Reflections on human cruelty — Appendixes: 1. The empathy quotient (EQ) — Appendix: 2. How to spot zero degrees of empathy (negative).
520 ## - SUMARIO, ETC.
Sumario, etc. "Borderline personality disorder, autism, narcissism, psychosis, Asperger's: All of these syndromes have one thing in common--lack of empathy. In some cases, this absence can be dangerous, but in others it can simply mean a different way of seeing the world. In The Science of Evil Simon Baron-Cohen, an award-winning British researcher who has investigated psychology and autism for decades, develops a new brain-based theory of human cruelty. A true psychologist, however, he examines social and environmental factors that can erode empathy, including neglect and abuse. Based largely on Baron-Cohen's own research, The Science of Evil will change the way we understand and treat human cruelty"--Provided by publisher.
650 #0 - PUNTO DE ACCESO ADICIONAL DE MATERIA--TÉRMINO DE MATERIA
Término de materia o nombre geográfico como elemento de entrada Empathy
9 (RLIN) 11764
650 #0 - PUNTO DE ACCESO ADICIONAL DE MATERIA--TÉRMINO DE MATERIA
Término de materia o nombre geográfico como elemento de entrada Cruelty.
9 (RLIN) 25088
942 ## - ELEMENTOS DE ENTRADA AGREGADA (KOHA)
Fuente del sistema de clasificación o colocación Clasificación de Library of Congress
Holdings
Estado de retiro Estado de pérdida Fuente del sistema de clasificación o colocación Estado dañado No para préstamo Biblioteca de origen Biblioteca actual Fecha de adquisición Total de préstamos Signatura topográfica completa Código de barras Fecha visto por última vez Fecha del último préstamo Número de copia Precio válido a partir de Tipo de ítem Koha
    Clasificación de Library of Congress     TBS Barcelona TBS Barcelona 31/03/2025 2 BF575.E55 BAR B07501 14/04/2026 02/03/2026 1 31/03/2025 Book

Powered by Koha